000 00291nam a2200109 4500
999 _c13185
_d13185
008 190211b ||||| |||| 00| 0 eng d
245 _aIgnorance of history.
260 _aPhilippines
_bPhilippine Daily Inquirer
_cc2018
300 _apage A15.
650 0 _936867
_aHistory.
942 _2ddc
_cPER